000 00387nam a22001337a 4500
082 _a001
_bENC/B
100 _aENCYCLOPEDIA BRITANICA
245 _aBRITANICA READY REFERENCE ENCYCLOPEDIA
246 _aBRITANICA READY REFERENCE ENCYCLOPEDIA
_bBRITANICA READY REFERENCE ENCYCLOPEDIA
260 _aU K
_bENCYCLOPEDIA BRITANICA
_c2006
300 _a276
520 _aENCYCLOPEDIA
942 _cBK
999 _c8966
_d8966